| 000 | 00678nam a22001937a 4500 | ||
|---|---|---|---|
| 999 |
_c167328 _d167328 |
||
| 005 | 20220217145922.0 | ||
| 010 | _aENG-126352 | ||
| 020 |
_a978-0-19-949373-9 _c995.00 |
||
| 035 | _aEN-109884 | ||
| 037 | _bDBAD/PUB | ||
| 082 | _a950 | ||
| 100 | _aAlexander,Colin R. | ||
| 245 |
_aAdministering Colonialism and War: _bThe Political Life of Sir Andrew Clow of the Indian Civil Service/ _cby Colin R. Alexander |
||
| 260 |
_aNew Delhi _bOxford University Press _c2019 |
||
| 270 |
_bNew Delhi _e110002 _a2/11 Ground Floor, Ansari Road, Daryaganj |
||
| 300 |
_axiii250p. _c22cm(hb) |
||
| 500 | _aIncludes index and bibliography. | ||
| 942 |
_2ddc _cEN _h950 _mALE |
||